|
|
|
|
| LEADER |
00000nam0a2200000 4500 |
| 001 |
209176 |
| 005 |
20231101225522.0 |
| 010 |
|
|
|a 9785811412969
|
| 035 |
|
|
|a (RuTPU)RU\TPU\book\228496
|
| 090 |
|
|
|a 209176
|
| 100 |
|
|
|a 20120209d2012 m y0rusy50 ca
|
| 101 |
0 |
|
|a rus
|
| 102 |
|
|
|a RU
|
| 105 |
|
|
|a a j 001zy
|
| 200 |
1 |
|
|a Сборник заданий по теоретической механике. Статика
|e учебное пособие для вузов
|f под ред. В. В. Дрожжина
|
| 205 |
|
|
|a 2-е изд., испр.
|
| 210 |
|
|
|a СПб.
|c Лань
|d 2012
|
| 215 |
|
|
|a 224 с.
|c ил.
|
| 225 |
1 |
|
|a Учебники для вузов. Специальная литература
|
| 320 |
|
|
|a Библиогр.: с. 222.
|
| 330 |
|
|
|a Сборник заданий включает шесть основных тем статики. По каждой теме предлагается краткая теоретическая часть, примеры решения задач, рекомендации по решению, 25 вариантов индивидуальных комплексных заданий по 3-6 задач в каждом варианте, расположенных по возрастающей сложности, в которых представлены основные типы связей и все виды нагрузок. Рекомендуется для студентов высших технических учебных заведений.
|
| 606 |
1 |
|
|a Механика теоретическая
|2 stltpush
|3 (RuTPU)RU\TPU\subj\59441
|9 76991
|
| 606 |
1 |
|
|a Статика
|2 stltpush
|3 (RuTPU)RU\TPU\subj\56817
|9 74707
|
| 610 |
1 |
|
|a равновесие
|
| 610 |
1 |
|
|a сходящиеся силы
|
| 610 |
1 |
|
|a тела
|
| 610 |
1 |
|
|a системы
|
| 610 |
1 |
|
|a трение
|
| 610 |
1 |
|
|a сложные тела
|
| 610 |
1 |
|
|a центр тяжести
|
| 610 |
1 |
|
|a задачи
|
| 610 |
1 |
|
|a учебные пособия
|
| 675 |
|
|
|a 531(076)
|v 3
|
| 675 |
|
|
|a 531.2(076)
|v 3
|
| 702 |
|
1 |
|a Дрожжин
|b В. В.
|g Василий Васильевич
|4 340
|
| 801 |
|
1 |
|a RU
|b 63413507
|c 20120209
|
| 801 |
|
2 |
|a RU
|b 63413507
|c 20150513
|g RCR
|
| 900 |
|
|
|a Теоретическая механика
|
| 942 |
|
|
|c BK
|
| 952 |
|
|
|l 8
|
| 959 |
|
|
|a 7/20120127
|d 2
|e 449,90
|f ЧЗТЛ:1
|f АНЛ:1
|